Fundamentos de electroforesis capilar /

Contenido: 1) Introducción; 2) Generalidades; 3) Principios de separación electroforética; 4) Métodos de separación; 5) Instrumentación; 6) Aplicaciones.

Kaydedildi:
Detaylı Bibliyografya
Diğer Yazarlar: Castillo Rodríguez, Miriam Aidé
Materyal Türü: Kitap
Dil:İspanyolca
Baskı/Yayın Bilgisi: México : UNAM, Facultad de Estudios Superiores Cuautitlán, 2005, c2005
Konular:
Etiketler: Etiketle
Etiket eklenmemiş, İlk siz ekleyin!

MARC

LEADER 00000nam^a2200000^a^4500
001 000297234
005 20250521000000.0
009 20260310112333.624
020 |a 970-32-2350-8 
037 |a Acervo ITESO - Biblioteca 
041 |a ESP 
082 |a 541. 372  |b FUN 
245 0 0 |a Fundamentos de electroforesis capilar /  |c M.A. Castillo Rodríguez... [et al.]. 
264 4 |a México :  |b UNAM, Facultad de Estudios Superiores Cuautitlán,  |c 2005, c2005 
300 |a 180 p. 
336 |a texto  |b txt  |2 rdacontenido 
337 |a sin mediación  |b n  |2 rdamedio 
338 |a volumen  |b nc  |2 rdasoporte 
520 |a Contenido: 1) Introducción; 2) Generalidades; 3) Principios de separación electroforética; 4) Métodos de separación; 5) Instrumentación; 6) Aplicaciones. 
649 |a XX 
650 |a Electroforesis Capilar -  |x Tema Principal 
650 |a Separación (Tecnología) 
650 |a Química Analítica 
650 |a Fisicoquímica 
700 |a Castillo Rodríguez, Miriam Aidé 
910 |a Fondo General 
920 |a Impresos - Libros 
930 |a Colección General 
905 |a 101 
901 |a 0500182909  |b IT1  |c ACC  |i C122706  |u 20250521 
902 |a https://opac.biblio.iteso.mx/vufind/Record/000297234